Sports Quiz

Random Sports or WWE Quiz

Number 1 WWE Royal Rumble Entrants Quiz Stats

Quiz not verified by Sporcle

Challenge
Share
Tweet
Embed
Score 0/22 Timer 08:00
0 Plays Today
Year Wrestler % Correct
1995Shawn Michaels
92.2%
2003Shawn Michaels
92.2%
1999Steve Austin
79.7%
1996Hunter Hearst Helmsley
78.8%
2006Triple H
78.8%
2004Chris Benoit
74.5%
2008The Undertaker
73.8%
1993Ric Flair
72.3%
2007Ric Flair
72.3%
2009Rey Mysterio
70.1%
1988Bret Hart
69.7%
Year Wrestler % Correct
1991Bret Hart
69.7%
1992The British Bulldog
58.4%
1990Ted DiBiase
50.6%
2001Jeff Hardy
50.4%
2005Eddie Guerrero
49.8%
1998Cactus Jack
43.4%
1989Ax
42%
2002Rikishi
37.2%
2000D'Lo Brown
33.9%
1994Scott Steiner
26.2%
1997Crush
25.9%

You're not logged in!

Compare scores with friends on all Sporcle quizzes.
Join for Free
OR
Log In

You Might Also Like...

Show Comments

Extras

Top Quizzes Today


Score Distribution

Your Account Isn't Verified!

In order to create a playlist on Sporcle, you need to verify the email address you used during registration. Go to your Sporcle Settings to finish the process.

Report this User

Report this user for behavior that violates our Community Guidelines.

Details: